Responses for show #7646 - Monday, December 4, 2017

Contestants

[<< previous game]

Kyle Becker, a research scientist from Nashville, Tennessee

Alice Pelletier, a technical services associate from Brooklyn, New York

Lisa Kristina, a freelance musician from Chicago Heights, Illinois (whose 2-day cash winnings total $36,100)

[next game >>]

Jeopardy! Round responses

LITERATURE ACROSS AMERICA
(Alex: All of the clues will be given by on-air talent at our affiliates across the country.)
ETIQUETTE
THE NFLer's MAIN POSITION
DISNEY PRINCESS NAMES
WEATHER IDIOMS
HEALTH & MEDICI
    $200 20
Rhett Butler

Alice
    $200 10
white

Kyle
    $200 15
Belle

Lisa
    $200 5
raining cats and dogs

Lisa
    $200 1
Lorenzo (the Magnificent)

Lisa
    $400 21
(Mark) Twain

Kyle
    $400 11
voicemail

Lisa
    $400 26
a wide receiver

Alice
    $400 16
Pocahontas

Alice
    $400 6
(Alice: What is eye of the storm?)
(Lisa: What is the coming storm?)

the calm before the storm

LisaAlice
Triple Stumper
    $400 2
gout

Lisa
    $600 22
Walter Mitty

Lisa
    $600 12
burning

Alice
    $600 25
quarterbacks

Triple Stumper
    $600 17
Mulan

Alice
    $600 7
a fair-weather friend

Lisa
    $600 3
arsenic

Alice
    $800 23
(Alex: Less than a minute now.)

(Maya) Angelou

Kyle
    $800 13
a gift

Lisa
    $800 27
[The end-of-round signal sounds.]

running backs

Triple Stumper
    $800 18
Jasmine

Alice
    $800 8
April showers bring May flowers

Lisa
    $800 4
(Lisa: Who is Marie?)

Catherine de Medici

Lisa
Triple Stumper
    $1000 24
James Ellroy

Triple Stumper
    $1000 14
space

Lisa
    $2,000 19
Aurora

Alice
    $1000 9
to steal one's thunder

Lisa

Scores at the first commercial break (after clue 15):

Lisa Alice Kyle
$4,400 $800 $200

Scores at the end of the Jeopardy! Round:

Lisa Alice Kyle
$5,000 $5,200 $1,400

Double Jeopardy! Round responses

COUNTRIES BY FIRST LETTER
OTHERWISE FAMOUS PAINTERS
AVIATION
POP CULTURE DOUBLE TALK
QE II's PMs
(Alex: Prime ministers.)
DROP THE MIC
(Alex: Or in some cases, "mick".)
    $400 1
(Lisa: What are Bolivia and Colombia?)

Bolivia and Chile

LisaKyle
    $400 21
courage

Lisa
    $400 26
(Alex: With less than a minute now.)

(Howard) Hughes

Kyle
    $400 9
"New York, New York"

Alice
    $400 6
Churchill

Kyle
    $400 16
(Alex: Microbe.)

a robe

Kyle
    $2,000 2
Spain and Andorra

Kyle
    $800 22
Tony Bennett

Lisa
    $800 10
breaker, breaker

Kyle
    $800 7
(Tony) Blair

Kyle
    $800 17
balsa

Kyle
    $1200 3
(Alex: Starting with Morocco, Algeria...)

male

Kyle
    $1200 23
Generation X

Alice
    $3,000 27
(Kyle: Who is Glenn?)

Chuck Yeager

Kyle
    $1200 11
"Bang Bang"

Alice
    $1200 8
title (or peerage)

Lisa
    $1200 18
(Lisa: Oh. What is... no.)
...
(Alex: For ceramic.)

Cera

LisaKyle
    $1600 4
Pakistan and Afghanistan

Kyle
    $1600 24
Rosie O'Donnell

Triple Stumper
    $1600 28
[The end-of-round signal sounds.]

TWA

Triple Stumper
    $1600 12
Sister, Sister

Alice
    $1600 14
the Suez Canal

Alice
    $1600 19
(Alex: For mickey.)

key

Triple Stumper
    $2000 5
Laos and Thailand

Kyle
    $2000 25
(Alice: Who is Queen Elizabeth II?)

Prince Charles

Alice
Triple Stumper
    $2000 13
The Russians are Coming, the Russians are Coming

Triple Stumper
    $2000 15
(Gordon) Brown

Kyle
    $2000 20
(Alex: For polemic.)

a pole

Lisa

Scores at the end of the Double Jeopardy! Round:

Lisa Alice Kyle
$7,800 $9,200 $12,400

[wagering suggestions for these scores]

Final Jeopardy! Round responses

CHILDREN'S BOOKS
LisaWhat is Where's Waldo?
$7,800
AliceWhat is Where's Waldo
$8,500
KyleWhat is Where's Waldo?
$6,001
Where's Waldo?

Final scores:

Lisa Alice Kyle
$15,600 $17,700 $18,401
3rd place: $1,000 2nd place: $2,000 New champion: $18,401

Game dynamics:

Coryat scores:

Lisa Alice Kyle
$7,800 $8,200 $14,200
15 R,
4 W
13 R
(including 1 DD),
2 W
16 R
(including 1 DD),
1 W
(including 1 DD)

Combined Coryat: $30,200

The J! Archive is created by fans, for fans. The Jeopardy! game show and all elements thereof, including but not limited to copyright and trademark thereto, are the property of Jeopardy Productions, Inc. and are protected under law. This website is not affiliated with, sponsored by, or operated by Jeopardy Productions, Inc. Join the discussion at JBoard.tv.